000
00337pab a2200145 454500
008
180718b1983 xxu||||| |||| 00| 0 eng d
100
_a
Kulkarni, H.Y.
245
_a
Bank profitablity
_b
Causes of recent fall
260
_c
1983
300
_a
5
362
_a
7 Mar.
650
_a
Banks - India
773
_a
Economic Times
909
_a
4324
999
_c
4324
_d
4324